<?xml version="1.0" encoding="UTF-8"?>
<record
    xmlns:xsi="http://www.w3.org/2001/XMLSchema-instance"
    xsi:schemaLocation="http://www.loc.gov/MARC21/slim http://www.loc.gov/standards/marcxml/schema/MARC21slim.xsd"
    xmlns="http://www.loc.gov/MARC21/slim">

  <leader>01073nam a22002057a 4500</leader>
  <datafield tag="999" ind1=" " ind2=" ">
    <subfield code="c">145956</subfield>
    <subfield code="d">145956</subfield>
  </datafield>
  <controlfield tag="005">20230222104157.0</controlfield>
  <datafield tag="010" ind1=" " ind2=" ">
    <subfield code="a">17-18HN-4.8.17    B-700579-587  HIN-124830</subfield>
  </datafield>
  <datafield tag="020" ind1=" " ind2=" ">
    <subfield code="c">495.00</subfield>
    <subfield code="a">9788188872589</subfield>
  </datafield>
  <datafield tag="035" ind1=" " ind2=" ">
    <subfield code="a">B-700579-587</subfield>
  </datafield>
  <datafield tag="035" ind1=" " ind2=" ">
    <subfield code="a">HN-97176</subfield>
  </datafield>
  <datafield tag="037" ind1=" " ind2=" ">
    <subfield code="b">&#x917;&#x930;&#x93F;&#x92E;&#x93E; &#x92C;&#x941;&#x915;&#x94D;&#x938;</subfield>
  </datafield>
  <datafield tag="082" ind1=" " ind2=" ">
    <subfield code="a">306.0954 </subfield>
  </datafield>
  <datafield tag="100" ind1=" " ind2=" ">
    <subfield code="a">&#x924;&#x93F;&#x935;&#x93E;&#x930;&#x940;, &#x92A;&#x94D;&#x930;&#x915;&#x93E;&#x936; &#x91A;&#x928;&#x94D;&#x926;</subfield>
  </datafield>
  <datafield tag="245" ind1=" " ind2=" ">
    <subfield code="a">&#x92D;&#x93E;&#x930;&#x924; &#x915;&#x93E; &#x938;&#x93E;&#x902;&#x938;&#x94D;&#x915;&#x943;&#x924;&#x93F;&#x915; &#x907;&#x924;&#x93F;&#x939;&#x93E;&#x938; /</subfield>
    <subfield code="c">&#x92A;&#x94D;&#x930;&#x915;&#x93E;&#x936; &#x91A;&#x928;&#x94D;&#x926; &#x924;&#x93F;&#x935;&#x93E;&#x930;&#x940;</subfield>
  </datafield>
  <datafield tag="260" ind1=" " ind2=" ">
    <subfield code="a">&#x926;&#x93F;&#x932;&#x94D;&#x932;&#x940;</subfield>
    <subfield code="b">&#x917;&#x930;&#x93F;&#x92E;&#x93E; &#x92C;&#x941;&#x915;&#x94D;&#x938;</subfield>
    <subfield code="c">2018 </subfield>
  </datafield>
  <datafield tag="270" ind1=" " ind2=" ">
    <subfield code="b">&#x926;&#x93F;&#x932;&#x94D;&#x932;&#x940;</subfield>
    <subfield code="a">6/40, &#x92E;&#x94B;&#x939;&#x932;&#x94D;&#x932;&#x93E; &#x92E;&#x939;&#x93E;&#x930;&#x93E;&#x92E;, &#x917;&#x932;&#x940; &#x906;&#x930;&#x94D;&#x92F;&#x93E;&#x938;&#x92E;&#x93E;&#x91C;, &#x936;&#x93E;&#x939;&#x926;&#x930;&#x93E; </subfield>
    <subfield code="e">110032 </subfield>
  </datafield>
  <datafield tag="300" ind1=" " ind2=" ">
    <subfield code="a">160&#x92A;&#x943;.</subfield>
    <subfield code="c">22 &#x938;&#x947;&#x92E;&#x940;. (&#x938;&#x91C;&#x93F;&#x932;&#x94D;&#x926;)</subfield>
  </datafield>
  <datafield tag="942" ind1=" " ind2=" ">
    <subfield code="2">ddc</subfield>
    <subfield code="c">HN</subfield>
    <subfield code="h">306.0954 </subfield>
    <subfield code="m">&#x924;&#x93F;&#x935;&#x93E;&#x930;&#x940;</subfield>
  </datafield>
  <datafield tag="952" ind1=" " ind2=" ">
    <subfield code="0">0</subfield>
    <subfield code="1">0</subfield>
    <subfield code="4">0</subfield>
    <subfield code="7">0</subfield>
    <subfield code="8">NFIC</subfield>
    <subfield code="a">L</subfield>
    <subfield code="b">L</subfield>
    <subfield code="d">2018-09-07</subfield>
    <subfield code="e">Garima Books/75/14-05-18/116/27-04-18/23-07-18 </subfield>
    <subfield code="g">495.00</subfield>
    <subfield code="l">5</subfield>
    <subfield code="o">306.0954  &#x924;&#x93F;&#x935;&#x93E;&#x930;&#x940;</subfield>
    <subfield code="p">B-700579</subfield>
    <subfield code="r">2020-02-15 00:00:00</subfield>
    <subfield code="s">2020-02-02</subfield>
    <subfield code="t">1</subfield>
    <subfield code="v">495.00</subfield>
    <subfield code="w">2018-09-07</subfield>
    <subfield code="y">HN</subfield>
  </datafield>
  <datafield tag="952" ind1=" " ind2=" ">
    <subfield code="0">0</subfield>
    <subfield code="1">0</subfield>
    <subfield code="4">0</subfield>
    <subfield code="7">0</subfield>
    <subfield code="8">NFIC</subfield>
    <subfield code="a">M</subfield>
    <subfield code="b">M</subfield>
    <subfield code="d">2018-09-07</subfield>
    <subfield code="e">Garima Books/75/14-05-18/116/27-04-18/23-07-18 </subfield>
    <subfield code="g">495.00</subfield>
    <subfield code="l">0</subfield>
    <subfield code="o">306.0954  &#x924;&#x93F;&#x935;&#x93E;&#x930;&#x940;</subfield>
    <subfield code="p">B-700580</subfield>
    <subfield code="r">2018-09-07 00:00:00</subfield>
    <subfield code="t">4</subfield>
    <subfield code="v">495.00</subfield>
    <subfield code="y">HN</subfield>
  </datafield>
  <datafield tag="952" ind1=" " ind2=" ">
    <subfield code="0">0</subfield>
    <subfield code="1">0</subfield>
    <subfield code="4">0</subfield>
    <subfield code="7">0</subfield>
    <subfield code="8">NFIC</subfield>
    <subfield code="a">M</subfield>
    <subfield code="b">M</subfield>
    <subfield code="d">2018-09-07</subfield>
    <subfield code="e">Garima Books/75/14-05-18/116/27-04-18/23-07-18 </subfield>
    <subfield code="g">495.00</subfield>
    <subfield code="l">0</subfield>
    <subfield code="o">306.0954  &#x924;&#x93F;&#x935;&#x93E;&#x930;&#x940;</subfield>
    <subfield code="p">B-700581</subfield>
    <subfield code="r">2018-09-07 00:00:00</subfield>
    <subfield code="t">4</subfield>
    <subfield code="v">495.00</subfield>
    <subfield code="y">HN</subfield>
  </datafield>
  <datafield tag="952" ind1=" " ind2=" ">
    <subfield code="0">0</subfield>
    <subfield code="1">0</subfield>
    <subfield code="4">0</subfield>
    <subfield code="7">0</subfield>
    <subfield code="8">NFIC</subfield>
    <subfield code="a">M</subfield>
    <subfield code="b">M</subfield>
    <subfield code="d">2018-09-07</subfield>
    <subfield code="e">Garima Books/75/14-05-18/116/27-04-18/23-07-18 </subfield>
    <subfield code="g">495.00</subfield>
    <subfield code="l">0</subfield>
    <subfield code="o">306.0954  &#x924;&#x93F;&#x935;&#x93E;&#x930;&#x940;</subfield>
    <subfield code="p">B-700582</subfield>
    <subfield code="r">2018-09-07 00:00:00</subfield>
    <subfield code="t">4</subfield>
    <subfield code="v">495.00</subfield>
    <subfield code="y">HN</subfield>
  </datafield>
  <datafield tag="952" ind1=" " ind2=" ">
    <subfield code="0">0</subfield>
    <subfield code="1">0</subfield>
    <subfield code="4">0</subfield>
    <subfield code="7">0</subfield>
    <subfield code="8">NFIC</subfield>
    <subfield code="a">M</subfield>
    <subfield code="b">M</subfield>
    <subfield code="d">2018-09-07</subfield>
    <subfield code="e">Garima Books/75/14-05-18/116/27-04-18/23-07-18 </subfield>
    <subfield code="g">495.00</subfield>
    <subfield code="l">0</subfield>
    <subfield code="o">306.0954  &#x924;&#x93F;&#x935;&#x93E;&#x930;&#x940;</subfield>
    <subfield code="p">B-700583</subfield>
    <subfield code="r">2018-09-07 00:00:00</subfield>
    <subfield code="t">4</subfield>
    <subfield code="v">495.00</subfield>
    <subfield code="y">HN</subfield>
  </datafield>
  <datafield tag="952" ind1=" " ind2=" ">
    <subfield code="0">0</subfield>
    <subfield code="1">0</subfield>
    <subfield code="4">0</subfield>
    <subfield code="7">0</subfield>
    <subfield code="8">NFIC</subfield>
    <subfield code="a">NPL</subfield>
    <subfield code="b">NPL</subfield>
    <subfield code="d">2018-09-07</subfield>
    <subfield code="e">Garima Books/75/14-05-18/116/27-04-18/23-07-18 </subfield>
    <subfield code="g">495.00</subfield>
    <subfield code="l">0</subfield>
    <subfield code="o">306.0954  &#x924;&#x93F;&#x935;&#x93E;&#x930;&#x940;</subfield>
    <subfield code="p">B-700584</subfield>
    <subfield code="r">2018-09-07 00:00:00</subfield>
    <subfield code="t">1</subfield>
    <subfield code="v">495.00</subfield>
    <subfield code="y">HN</subfield>
  </datafield>
  <datafield tag="952" ind1=" " ind2=" ">
    <subfield code="0">0</subfield>
    <subfield code="1">0</subfield>
    <subfield code="4">0</subfield>
    <subfield code="7">0</subfield>
    <subfield code="8">NFIC</subfield>
    <subfield code="a">AV</subfield>
    <subfield code="b">AV</subfield>
    <subfield code="d">2018-09-07</subfield>
    <subfield code="e">Garima Books/75/14-05-18/116/27-04-18/23-07-18 </subfield>
    <subfield code="g">495.00</subfield>
    <subfield code="l">0</subfield>
    <subfield code="o">306.0954  &#x924;&#x93F;&#x935;&#x93E;&#x930;&#x940;</subfield>
    <subfield code="p">B-700585</subfield>
    <subfield code="r">2018-09-07 00:00:00</subfield>
    <subfield code="t">1</subfield>
    <subfield code="v">495.00</subfield>
    <subfield code="y">HN</subfield>
  </datafield>
  <datafield tag="952" ind1=" " ind2=" ">
    <subfield code="0">0</subfield>
    <subfield code="1">0</subfield>
    <subfield code="4">0</subfield>
    <subfield code="7">0</subfield>
    <subfield code="8">NFIC</subfield>
    <subfield code="a">JP</subfield>
    <subfield code="b">JP</subfield>
    <subfield code="d">2018-09-07</subfield>
    <subfield code="e">Garima Books/75/14-05-18/116/27-04-18/23-07-18 </subfield>
    <subfield code="g">495.00</subfield>
    <subfield code="l">1</subfield>
    <subfield code="o">306.0954  &#x924;&#x93F;&#x935;&#x93E;&#x930;&#x940;</subfield>
    <subfield code="p">B-700586</subfield>
    <subfield code="r">2022-04-21 00:00:00</subfield>
    <subfield code="s">2022-04-16</subfield>
    <subfield code="t">1</subfield>
    <subfield code="v">495.00</subfield>
    <subfield code="y">HN</subfield>
  </datafield>
  <datafield tag="952" ind1=" " ind2=" ">
    <subfield code="0">0</subfield>
    <subfield code="1">0</subfield>
    <subfield code="4">0</subfield>
    <subfield code="7">0</subfield>
    <subfield code="8">NFIC</subfield>
    <subfield code="a">BL4</subfield>
    <subfield code="b">BL4</subfield>
    <subfield code="d">2018-09-07</subfield>
    <subfield code="e">Garima Books/75/14-05-18/116/27-04-18/23-07-18 </subfield>
    <subfield code="g">495.00</subfield>
    <subfield code="l">0</subfield>
    <subfield code="o">306.0954  &#x924;&#x93F;&#x935;&#x93E;&#x930;&#x940;</subfield>
    <subfield code="p">B-700587</subfield>
    <subfield code="r">2018-09-07 00:00:00</subfield>
    <subfield code="t">1</subfield>
    <subfield code="v">495.00</subfield>
    <subfield code="y">HN</subfield>
  </datafield>
  <datafield tag="952" ind1=" " ind2=" ">
    <subfield code="0">0</subfield>
    <subfield code="1">0</subfield>
    <subfield code="4">0</subfield>
    <subfield code="7">0</subfield>
    <subfield code="8">NFIC</subfield>
    <subfield code="a">KV</subfield>
    <subfield code="b">KV</subfield>
    <subfield code="d">2023-02-22</subfield>
    <subfield code="e">DBAD/PUB</subfield>
    <subfield code="g">495.00</subfield>
    <subfield code="l">0</subfield>
    <subfield code="o">306.0954  &#x924;&#x93F;&#x935;&#x93E;&#x930;&#x940;</subfield>
    <subfield code="p">HN-97176</subfield>
    <subfield code="r">2023-02-22 00:00:00</subfield>
    <subfield code="t">1</subfield>
    <subfield code="v">495.00</subfield>
    <subfield code="y">HN</subfield>
  </datafield>
</record>
